000 00310nam a22001457a 4500
008 230119b ||||| |||| 00| 0 eng d
020 _a9780521558990
041 _aeng
080 _a159.9
082 _a159.9WOR
100 _a25
101 _aPSI
245 _aSHAKESPEARE
_cWORTHEN B.W
942 _2udc
_cBK
999 _c59236
_d59236